Junk Food brand logos by picture - Statistics

General Stats
  • This quiz has been taken 244 times
  • The average score is 9 of 10
Answer Stats
Picture Answer % Correct
Doritos
99%
Lay's
98%
Cheetos
97%
Pringles
96%
KFC
95%
McDonalds
95%
Chick-fil-a
91%
Tostitos
75%
Frito-Lay
62%
Triscuit
45%
No matching quizzes found
Score Distribution
Percent of People with Each Score
Percentile by Number Answered
Your Score History
You have not taken this quiz